Fabricación de concreto con el cemento prediluido.
Bewaard in:
| Hoofdauteur: | |
|---|---|
| Formaat: | Boek |
| Gepubliceerd in: |
[San José , Costa Rica]
1986
|
| Onderwerpen: | |
| Tags: |
Voeg label toe
Geen labels, Wees de eerste die dit record labelt!
|
MARC
| LEADER | 00000nam a2200000Ia 4500 | ||
|---|---|---|---|
| 003 | 004072 | ||
| 005 | 20221231144354.0 | ||
| 008 | 140114s1986 c a m 000 ||s d | ||
| 040 | |c cru CEDI | ||
| 090 | |a TFG 1824 | ||
| 100 | |a González Perera, María del Rocío |9 14137 | ||
| 245 | |a Fabricación de concreto con el cemento prediluido. | ||
| 260 | |c 1986 |a [San José , Costa Rica] | ||
| 300 | |a 130 hojas : ilustraciones (algunas a color) ; 28 cm | ||
| 500 | |a Proyecto de graduacion (licenciatura en ingenieria civil)--Universidad de Costa Rica. Facultad de Ingeniería. Escuela de Ingenieria Civil | ||
| 650 | |x HORMIGON - FABRICACION |9 14138 | ||
| 942 | |c TFG | ||
| 999 | |c 20899 |d 20899 | ||
